| 000 | 00975nam a2200241Ia 4500 | ||
|---|---|---|---|
| 001 | 9982 | ||
| 003 | GE_BSU | ||
| 008 | 181216s||||||||xx |||||||||||||| ||und|| | ||
| 040 | _cGE_BSU | ||
| 080 | _a821.353.1–1 | ||
| 100 | _aრუსთაველი,შოთა | ||
| 245 | _aვეფხის ტყაოსანი:ვახტანგისეული გამოცემა 1712 წლისაა | ||
| 245 | _cაღმდგ.და წინასიტყვ.ავტორი ა.შანიძე | ||
| 260 | _aტფილისი | ||
| 260 | _bსახუნტის გამ–ბა | ||
| 260 | _c1937 | ||
| 300 | _a412გვ.პორტრ.29სმ. | ||
| 300 | _eდანართი გვ.343-409 | ||
| 520 | _aდამატებითი თავფურც.რუსულ–ფრანგულ ენებზე | ||
| 653 | _aვეფხის ტყაოსანი | ||
| 653 | _aპოემა | ||
| 942 | _cBK | ||
| 999 |
_c43255 _d43255 |
||